Catalonia A-Z - Statistics

General Stats
  • This quiz has been taken 234 times
  • The average score is 17 of 26
Answer Stats
Clue Answer % Correct
B Capital of Catalonia. Barcelona
99%
F The other northern neighbor country. France
99%
A Neighbor country in the Pyrenees. Andorra
98%
D Surrealist artist renowned for his technical skill and bizarre images in his work. Salvador Dalí
96%
G City in northern Catalonia, at the confluence of the Ter, Onyar, Galligants, and Güell rivers. Girona
92%
I Declared on 27 October 2017, and suspended after 8 seconds. Independence
91%
E River that flows into the Mediterranean Sea forming a delta in the Lands of the same name. Ebre
90%
S Famous large unfinished minor basilica in Barcelona. La Sagrada Família
90%
H Second most populated city. L'Hospitalet de Llobregat
90%
Y (Contains Y) Catalan name for Catalonia. Catalunya
86%
C Gastronomical celebration where barbecued C... (type of green onion) are consumed in massive quantities. Calçotada
80%
M A known multi-peaked mountain range near Barcelona. Montserrat
80%
T Port city in the middle of the Costa Daurada, founded before the 5th century BC. Tarragona
77%
L One of the oldest towns in Catalonia in the Catalan Central Depression. Lleida
74%
J Patron Saint to whom bonfires, which are particularly popular in many Catalan-speaking areas, are dedicated. Sant Joan
74%
V Capital of Val d'Aran, where Occitan is an official language. Vielha e Mijaran
68%
P Old popular festival that is celebrated each year in the Catalan city of Berga during Corpus Christi. La Patum de Berga
66%
Z It is located inside the Parc de la Ciutadella, in Barcelona. Zoo
58%
O The oldest known literary documents in Catalan (Homilies d'_______) were found here. Organyà
57%
R Born in Mallorca, considered one of the fathers of Catalan literature. Ramon Llull
52%
K The first great player that made history in FC Barcelona. László Kubala
37%
Q Type of bingo that is played during Christmas, sometimes in large venues. Quina
26%
X Typical Catalan sauce, often served with an endive salad and salted cod. Xató
22%
N Inventor of the first air-independent and combustion-engine-driven submarine. Narcís Monturiol
20%
U It is home to ancient Iberian archaeological remains, the biggest in Catalonia. Ullastret
15%
W German Jewish philosopher who died in Portbou escaping from the nazi armed forces. Walter Benjamin
13%
No matching quizzes found
Score Distribution
Percent of People with Each Score
Percentile by Number Answered
Your Score History
You have not taken this quiz